| 000 | 00457nam a2200169Ia 4500 | ||
|---|---|---|---|
| 008 | 220216s9999 xx 000 0 und d | ||
| 100 | _aAhoba A | ||
| 245 | 0 | _aPhysical and mechanical properties of rubber wood from the Ivory Coast | |
| 260 |
_bAgronomie Africaine (Ivory Coast) _c1992 |
||
| 300 | _a10-May | ||
| 500 | _aSource Year: 1994 | ||
| 650 | _aClones | ||
| 650 | _aHevea brasiliensis | ||
| 650 | _aRubber wood | ||
| 856 | _uATA | ||
| 942 | _cJS | ||
| 999 |
_c64941 _d64941 |
||